000 00914nam0a2200265 4500
001 RU\NLR\ONL1\16492
005 20250613122725.0
035 _a(NLR Aleph) 009645230
090 _a9561645
_c9561645
100 _a20100415d1951 |||y0rusy50 ca
101 0 _amdf
102 _aRU
105 _ay |||||||||
200 1 _aОзимай и яровой культуратнень узкоряднай и перекрестнай способса видемасна
_fА. Б. Макаров
210 _a[Саранск
_cБ. и.
_d1951]
215 _a6 с.
_d22
541 1 _aУзкорядный и перекрестный посев озимых и яровых культур
_zrus
686 1 _aП21
700 1 _aМакаров
_bА. Б.
_4070
801 0 _aRU
_bNLR
_c20100415
_gPSBO
852 _aNLR
_bОНЛ
_jМорд.м./3-1421
942 _cBOOK
980 _aNB